Fonetická povaha a systém slovenských samohlások a dvojhlások

Bibliographic Details
Main Author: Kráľ, Ábel, 1932-2023 (Author)
Format: Article
Language:Slovak

MARC

LEADER 00000nab a2200000 a 4500
001 vtls011101665
003 SK-MaSNL
005 20260303172113.0
008 230222|1974 xo |||||||||||||||||slo|
015 |a SNBRB 
035 |a (uuid)4f6adc91-d16f-4946-b953-7956aa3ab1fb 
035 |a (urnnbn)urn:nbn:sk:snk:ar-0079oa 
035 |a urn:nbn:sk:snk-ab97v6 
040 |a SNKBUCL  |b slo  |c SNKBUCL  |e AACR2 
041 0 |a slo 
044 |a xo  |c SK 
100 1 |a Kráľ, Ábel,  |d 1932-2023  |4 aut  |9 201314 
245 1 0 |a Fonetická povaha a systém slovenských samohlások a dvojhlások  |c Á. Kráľ 
773 0 |t Studia Academica Slovaca : prednášky ... letnej školy slovenského jazyka a kultúry  |g Roč. 3, č. 3 (1974), s. [51]-66 
954 |a odborná, vedecká literatúra pôvodná (slovenská)  |2 lita 
958 |a OND 
958 |a EUIPO 
958 |a article13 
999 |c 2084913  |d 2086843